Statistiques concernant Chapimorphoses Super Mario Odyssey

Cliquez ici pour prendre le quiz!

Statistiques générales

  • Ce quiz a été pris 41 fois
  • Le résultat moyen est 12 sur 52

Statistiques - réponses

NuméroNom% Correct
12Goomba
84%
1Grenouille
84%
48Bowser
65%
4Chomp
61%
9Bill Balle
48%
3Paragoomba
48%
7T-Rex
48%
52Yoshi
45%
18Cheep Cheep
42%
25Arbre
39%
39Frère Marto
35%
22Frère Pyro
32%
26Rocher
32%
37Bulle de lave
29%
30Plaque d'égout
29%
31Taxi
29%
46Bill Bourrin
26%
11Cactus
26%
23Charlu
26%
49Lettre
23%
10Ma'Tuvu
23%
47Bill Dozer
19%
34Coureur flonflon
19%
16Lakitu
19%
45Paraskelerex
19%
40Viande
19%
28Wiggler Tropical
19%
6Chompinet de Madame Broode
16%
36Giclopode
16%
5Maxi-Chomp
16%
42Pikonio
16%
15Planodon
16%
21Poupousse
16%
44Statue de Bowser
16%
35Cheep Cheep (pays des Neiges)
13%
32Voiture téléguidée
13%
2Borne Gzzzt
10%
33Bwoosh
10%
43Jizo
10%
17Tirette
10%
38Fourchotte
6%
8Jumelles
6%
14Mini-fusée
6%
27Portrait craché (Goomba)
6%
51Portrait craché (Mario)
6%
41Pyro Piranha
6%
29Barre
3%
24Crapognon
3%
50Pièce de casse-tête (gratte-ciel)
3%
19Pièce de casse-tête (lac)
3%
13Pogne du Grand Capult
3%
20Toxi Piranha
3%

Distribution des résultats

Percentile par nombre de réponses

% des personnes avec chaque résultat

Votre développement - résultats

Vous n’avez pas pris ce quiz